Sports Quiz

Random Sports Quiz

Arsenal F.A. Cup Opponents (since 1993) Quiz Stats

 Plays Quiz not verified by Sporcle

Score 0/102 Timer 15:00
0 Plays Today
Year Opponent % Correct
2010-11Manchester United
99.3%
2004-05Manchester United
99.3%
2003-04Manchester United
99.3%
2002-03Manchester United
99.3%
1998-99Manchester United
99.3%
1998-99Manchester United
99.3%
2013-14Tottenham Hotspur
97.7%
2008-09Chelsea
97.1%
2003-04Chelsea
97.1%
2002-03Chelsea
97.1%
2002-03Chelsea
97.1%
2001-02Chelsea
97.1%
2000-01Chelsea
97.1%
2007-08Liverpool
96.9%
2001-02Liverpool
96.9%
2000-01Liverpool
96.9%
2013-14Liverpool
96.6%
2000-01Tottenham Hotspur
96.2%
1992-93Tottenham Hotspur
96.2%
2013-14Hull City
95.5%
2001-02Newcastle United
94%
2001-02Newcastle United
94%
1997-98Newcastle United
94%
2010-11Leeds United
92.4%
2010-11Leeds United
92.4%
2003-04Leeds United
92.4%
1996-97Leeds United
92.4%
1992-93Leeds United
92.4%
1992-93Leeds United
92.4%
2011-12Leeds United
92%
2011-12Sunderland
92%
2013-14Everton
91.5%
2011-12Aston Villa
90.4%
2009-10West Ham
89.9%
Year Opponent % Correct
1997-98West Ham
89.9%
1997-98West Ham
89.9%
2002-03Southampton
88.1%
1996-97Sunderland
87.9%
1996-97Sunderland
87.9%
1992-93Sheffield Wednesday
87.7%
1992-93Sheffield Wednesday
87.7%
2013-14Wigan Athletic
87.6%
2012-13Blackburn Rovers
87.3%
2004-05Sheffield United
86.8%
2004-05Sheffield United
86.8%
2002-03Sheffield United
86.8%
1998-99Sheffield United
86.8%
1995-96Sheffield United
86.8%
1995-96Sheffield United
86.8%
2012-13Swansea
86.1%
2012-13Swansea
86.1%
2007-08Blackburn Rovers
85%
2007-08Blackburn Rovers
85%
2004-05Blackburn Rovers
85%
2000-01Blackburn Rovers
85%
2007-08Bolton Wanderers
83.4%
2007-08Bolton Wanderers
83.4%
2005-06Bolton Wanderers
83.4%
2004-05Bolton Wanderers
83.4%
1993-94Bolton Wanderers
83.4%
1993-94Bolton Wanderers
83.4%
2001-02Middlesbrough
83.2%
1997-98Middlesbrough
83.2%
2003-04Middlesbrough
82.6%
2004-05Wolverhampton Wanderers
82.3%
1998-99Wolverhampton Wanderers
82.3%
1997-98Wolverhampton Wanderers
82.3%
2008-09Hull City
79.9%
Year Opponent % Correct
2009-10Stoke City
79.4%
2004-05Stoke City
79.4%
2008-09Cardiff City
78.7%
2008-09Cardiff City
78.7%
2005-06Cardiff City
78.7%
2013-14Coventry
78%
2003-04Portsmouth
77.4%
1992-93Ipswich Town
77.2%
2012-13Brighton & Hove Albion
75.7%
1999-00Leicester City
75.4%
1999-00Leicester City
75.4%
2000-01Queen's Park Rangers
74.9%
2008-09Burnley
72.9%
1998-99Derby County
71.6%
1997-98Crystal Palace
68.7%
1997-98Crystal Palace
68.7%
1992-93Nottingham Forest
67.1%
2001-02Watford
66%
2010-11Leyton Orient
65.1%
2010-11Leyton Orient
65.1%
2010-11Huddersfield Town
62.2%
1994-95Millwall
60.4%
1994-95Millwall
60.4%
1993-94Millwall
60.4%
1999-00Blackpool
55.5%
1997-98Port Vale
51.9%
1997-98Port Vale
51.9%
2008-09Plymouth Argyle
51%
2002-03Oxford United
48.5%
2000-01Carlisle United
43.8%
1992-93Yeovil Town
42.5%
2002-03Farnborough Town
41.8%
2001-02Gillingham
39.6%
1998-99Preston North End
31.8%

You're not logged in!

Compare scores with friends on all Sporcle quizzes.
OR
Log In

Show Comments

Extras

Created Mar 16, 2011SourceReportNominate
Tags:1993, Arsenal, club, cup, opponent, round, tie

Top Quizzes Today


Score Distribution

Your Account Isn't Verified!

In order to create a playlist on Sporcle, you need to verify the email address you used during registration. Go to your Sporcle Settings to finish the process.

Report this User

Report this user for behavior that violates our Community Guidelines.

Details: